| 000 | 01352nam a2200289Ia 4500 | ||
|---|---|---|---|
| 003 | OSt | ||
| 005 | 20240712090522.0 | ||
| 008 | 191128s2017 ck gr 000 0dspa d | ||
| 020 | _a9789583055621 | ||
| 040 |
_aCO-JMCR _bspa _cCO-JMCR _dCO-JMCR _erda |
||
| 041 | 0 | _aspa | |
| 082 | 0 | 4 |
_a927.599 _bA31f _223 |
| 100 | 1 |
_aAlape, Arturo, _d1938-2006 _eautor _9837 |
|
| 245 | 1 | 0 |
_aFrida Kahlo : _bmiradas en el espejo / _cArturo Alape y Carlos Montalvo Pérez |
| 250 | _aSegunda edición | ||
| 260 |
_aBogotá : _bPanamericana , _c2017 |
||
| 300 |
_a95 páginas ; _c21 cm. |
||
| 490 | 0 | _a100 personajes autores | |
| 500 | _aIncluye datos biográficos de los autores en la solapa. | ||
| 504 | _aBibliografía: páginas 94-95 | ||
| 505 | 0 | _tÁmbitos familiares -- Formación: aprendizajes y carácter -- Frida y Diego: amor y política en tiempos de revolución -- La pintura de Frida: temas y motivos -- La última muerte de Frida -- Cronología | |
| 520 | 3 | _aFrida Kahlo es la pintora mexicana y latinoamericana más importante de todos los tiempos, por el tratamiento original de su obra. Plasma su arte a partir de su decisión de hacerse artista | |
| 600 | 1 | 4 |
_aKahlo, Frida, _xbiografías _y1907-1954 _911067 |
| 650 | 1 | 4 |
_aPintores mexicanos _xbiografías _ySiglo XX _911068 |
| 700 | 1 |
_aMontalvo Pérez, Carlos, _eautor _911069 |
|
| 942 |
_2ddc _cBK |
||
| 999 |
_c3803 _d3803 |
||